Представление документа в формате RUSMARC

ПолеНазваниеЗначение
  Тип записи a
  Библиографический уровень a
001 Контрольный номер RU/УОНБ/EK_Kray/553962395
005 Дата корректировки 20250429103431.6
100 Данные общей обработки __
a Данные общей обработки 20250429d2016####|||c0rusy0189 ca
101 Язык документа 0_
a Язык текста rus
102 Страна публикации __
a Страна публикации RU
105 Кодированные данные (монография) __
a Кодированные данные (монография) y###||||000|y
200 Заглавие и сведения об ответственности 1_
a Заглавие Злая собака
e Сведения, относящиеся к заглавию из цикла охотничьих рассказов
f Первые сведения об ответственности Валерий Еремин
215 Физическое описание __
c Иллюстрации/тип воспроизводства 1 портр.
327 Примечание о содержании 1_
a Примечание о содержании Кролик
327 Примечание о содержании 11
a Примечание о содержании Очищение
327 Примечание о содержании 11
a Примечание о содержании Ширшовка
327 Примечание о содержании 11
a Примечание о содержании Путь охотоведа
461 Уровень набора _0
1 2001
a Симбирскъ
463 Уровень физической единицы _0
1 2000
a № 11 (41)(ноябрь)
v С. 53-57
1 001RU/REG73/CBS_GRAD/f42c40405ab14f04afadddee64f4f3e8
610 Ключевые слова 0_
a Ключевые слова рассказы
686 Индексы других классификаций __
a Классификационный индекс 84(2 Рос=Рус)6
2 Код системы rubbk
700 Автор _1
a Фамилия Еремин
b Имя (инициалы) В.
g Полное личное имя Валерий
4 Код отношения 070
801 Источник записи _0
a Страна RU
b Организация RuCBSGrad
c Дата составления 20250429
g Правила каталогизации RCR
801 Источник записи _1
a Страна RU
b Организация RuCBSGrad
c Дата составления 20250429
g Правила каталогизации RCR
852 Данные о местонахождении __
a Наименование организации МБУК ЦБС г. Димитровграда
901 Тип документа __
t Тип документа c
w Контрольный № источника RU/REG73/CBS_GRAD/f42c40405ab14f04afadddee64f4f3e8
909 Создатель записи __
a Создатель записи Тенигина
b Дата создания записи 20250429